000 00798cam a22002653a 4500
001 25488
003 PGUSA
005 20140828083540.0
008 080516s2008||||xxu|||||s|||||000 1 eng d
040 _aPGUSA
_beng
042 _adc
050 4 _aPS
050 4 _aPZ
100 1 _aPeck, George W.
_q(George Wilbur),
_d1840-1916
245 1 4 _aThe Grocery Man And Peck's Bad Boy :
_bPeck's Bad Boy and His Pa, No. 2 - 1883
_h[electronic resource] /
_cGeorge W. Peck
260 _bProject Gutenberg,
_c2008
506 _aPublic domain in the USA.
516 _aElectronic text
653 _aAmerican wit and humor
653 _aBoys -- Fiction
653 _aPractical jokes -- Fiction
830 0 _aProject Gutenberg
_v25488
856 4 0 _uhttp://www.gutenberg.org/ebooks/25488
942 _cEB
999 _c254743
_d254743